000 00552nam a2200217Ia 4500
003 OSt
005 20220918231841.0
006 a|||||r|||| 00| 0
007 ta
008 220917b |||||||| |||| 00| 0 eng d
024 _a351,044
037 _cTextual
040 _aARTS
_cARTS
_beng
041 _2eng
_aeng
082 _aO111, P6
100 _aRust Joshua Au.
_9155871
245 0 _aJohn Searle and the constructio of social...
260 _c2006
942 _hO111, P6
_cTEXL
_2CC
999 _c292521
_d292521